01014 2200349 4500001002100000005001500021035002000036007000300056008004100059020002200100040002200122082001600144084001800160090002200178090002200200100002700222245007400249250003000323300002800353500001100381650002200392700003000414850001200444504003200456264003600488336002100524337003000545338002300575999002200598990002200620990002200642INLIS00000000085228920191023020910 a0010-1019001016ta191023s2015 yoi g 0 1 0 ind d a978-602-280-736-0 aYOPDYOGbinderda04223a001.422 a001.422 YES s aDEP 001.422 YES s aCB-D.11 2015-26780 aYessi Harnaniepenulis12aStatistik dasar kesehatan /cpenulis, Yessi Harnani, Zulmeliza Rasyid aCetakan pertama: Mei 2015 ax, 108 halaman ;c23 cm aIndeks 4aStatistik, Metode0 aZulmeliza Rasyidepenulis aYOPDYOG aBibliografi: halaman 99-100 aYogyakarta :bDeepublish,c2015 2rdacontentateks 2rdamediaatanpa perantara 2rdacarrieravolume aCB-D.11/2015-2678 aCB-D.11/2015-2678 aCB-D.11/2015-2678